| 000 | 00644cam a2200181ua 4500 | ||
|---|---|---|---|
| 020 | _c1.80 | ||
| 041 |
_ahin _h |
||
| 082 |
_a891.43 _bDAK/CH |
||
| 110 | 1 |
_aDakshin Bharat Hindi Prachar Sabha . _b _c() |
|
| 245 | _aChaya | ||
| 250 |
_a2` / _b. |
||
| 260 |
_aChennai : _bDakshin Bharat Hindi Prachar Sabha , _c1959. |
||
| 300 | _a124 ; . | ||
| 365 | _a1.80 | ||
| 504 | _a | ||
| 942 | _cBK | ||
| 999 |
_c12523 _d12523 |
||